000 00337nam a2200133Ia 4500
001 4061
008 241024s9999 xx 000 0 und d
082 _aRD/788/N973m/2015
100 _aAna Nuñez
245 0 _aManual de teoría y práctica para flauta dulce
260 _bFUNANAT
_c2015
901 _a3/3/2016 1:42:09 p.m.
999 _c7937
_d7937